Statystyki dla Numery kierowców F1 2022

Kliknij tutaj aby rozwiązać quiz!

Ogólne statystyki

  • Ten quiz został rozwiązany 350 razy
  • Średni wynik to 18 z 20

Statystyki odpowiedzi

HintOdpowiedź% Poprawnych
Max Verstappen1
100%
Sebastian Vettel5
100%
Daniel Ricciardo3
99%
Lando Norris4
99%
Nicholas Latifi6
98%
Lewis Hamilton44
97%
Sergio Perez11
96%
Charles Leclerc16
96%
Carlos Sainz55
93%
Pierre Gasly10
92%
Valtteri Bottas77
91%
Fernando Alonso14
90%
Yuki Tsunoda22
89%
Alex Albon23
86%
Lance Stroll18
85%
Kevin Magnussen20
81%
Zhou Guanyu24
79%
George Russell63
79%
Esteban Ocon31
76%
Mick Schumacher47
69%

Rozkład punktacji

Percentyl według liczby udzielonych odpowiedzi

Procent ludzi z każdym wynikiem

Twoja historia wyników

Nie rozwiązałeś tego quizu